Perspectives in geometry and relativity: essays in honor of Vávlav Hlavat
Saved in:
| Hovedforfatter: | |
|---|---|
| Format: | Bog |
| Sprog: | engelsk |
| Udgivet: |
Londres
Indiana University Press
1966
|
| Fag: | |
| Tags: |
Tilføj Tag
Ingen Tags, Vær først til at tagge denne postø!
|
MARC
| LEADER | 00000nam a2200000 a 4500 | ||
|---|---|---|---|
| 001 | UCP2231 | ||
| 003 | CL-VaPUC | ||
| 008 | 990507e19660000UK |||||||||||||||||eng|d | ||
| 082 | 0 | 4 | |a 516 |b HOF |2 21 |
| 100 | |a Hoffmann, Banesh |e author |9 535409 | ||
| 245 | 1 | 0 | |a Perspectives in geometry and relativity: essays in honor of Vávlav Hlavat |
| 300 | |a 491 p | ||
| 942 | |c BK | ||
| 945 | |d 19990507 00:00:00 |a crobeson | ||
| 260 | |a Londres |b Indiana University Press |c 1966 | ||
| 600 | 0 | 7 | |a HLAVATY, VACLAV |2 CL-VaPUC |9 428793 |
| 650 | 7 | |a GEOMATRIA |2 CL-VaPUC |9 428794 | |
| 650 | 0 | |a Teoría de la relatividad |9 266149 | |
| 650 | 0 | |a Física matemática |9 260981 | |
| 650 | 7 | |a MATEMATICOS |2 CL-VaPUC |9 266065 | |
| 583 | |a last modification |c 19990507 00:00:00 |k Rodrigo Vera | ||
| 999 | |c 280791 |d 280789 | ||